000 00537cam a22002291 4500
001 sa 64003374
003 DLC
005 20260227112017.0
008 940426s1961 ii 000 1 kanr
010 _asa 64003374
025 _aPL480:I-Kan-43
035 _a(OCoLC)30334212
040 _aDLC
_cCU
_dCU
_dDLC
042 _apremarc
050 0 0 _aPL4659.S55
_bH3
100 1 _aShyam, V. R., 1903-
245 1 0 _aHattu rātri.
260 _c[1961]
300 _a160 p.
_c18 cm.
500 _aIn Kannada.
500 _aShort stories.
999 _c57877
_d57877